|
|
|
|
| LEADER |
00000nab a2200000 a 4500 |
| 001 |
vtls008416052 |
| 003 |
SK-MaSNL |
| 005 |
20260304142259.0 |
| 008 |
250505c2005 xo 0 slo |
| 015 |
|
|
|a SNBCL2005/5
|
| 035 |
|
|
|a SLK034177
|
| 035 |
|
|
|a urn:nbn:sk:snk-ab6zin
|
| 035 |
|
|
|a (uuid)3c5d3dab-18ba-4194-b432-4278b3fa0bc9
|
| 035 |
|
|
|a (urnnbn)urn:nbn:sk:snk:ar-a06coa
|
| 035 |
|
|
|a (sysno)vtls008416052
|
| 040 |
|
|
|a SNKBUCL
|b slo
|c SNKBUCL
|e AACR2
|
| 041 |
0 |
|
|a slo
|
| 044 |
|
|
|a xo
|c SK
|
| 080 |
|
|
|a 331.81
|2 1981
|
| 100 |
1 |
|
|a Buchtová, Adriana
|4 aut
|9 1271531
|
| 245 |
1 |
0 |
|a Hurá, prázdniny! Ako prežiť s deťmi pohodové leto
|c Adriana Buchtová
|
| 300 |
|
|
|b Obr.
|
| 650 |
0 |
7 |
|a dovolenka
|x klasifikácia
|2 MESH
|9 1461707
|
| 650 |
0 |
7 |
|a výchova dieťaťa
|x psychológia
|2 MESH
|9 1403866
|
| 650 |
0 |
7 |
|a kvalita života
|x psychológia
|2 MESH
|9 874457
|
| 650 |
0 |
7 |
|a strava a stravovanie
|x metódy
|2 MESH
|9 1434561
|
| 650 |
0 |
7 |
|a riziko
|2 MESH
|9 19516
|
| 650 |
0 |
7 |
|a počasie
|2 MESH
|9 942
|
| 773 |
0 |
|
|t Dieťa nielen pre rodičov
|g Roč. 11, č. 7-8 (2005), s. 31-35
|x 1335-0919
|
| 850 |
|
|
|a Slovenská národná knižnica
|
| 852 |
|
|
|a Slovenská národná knižnica
|
| 954 |
|
|
|a odborná, vedecká literatúra pôvodná (slovenská)
|2 lita
|
| 958 |
|
|
|a article27
|
| 958 |
|
|
|a OND
|
| 958 |
|
|
|a EUIPO
|
| 999 |
|
|
|c 2920813
|d 2922743
|